Politique Française en W - Statistiques

Statistiques générales
  • Ce quiz a été pris 95 fois
  • Le résultat moyen est 6 sur 10
Statistiques - réponses
Hint Réponse % Correct
Dernière bataille de Napoléon 1er, en 1815. Waterloo
93%
Terme fourre-tout qui sert à désigner le militantisme de la part de minorités politiques principalement de gauche. Signifie à l’origine “éveillé” en anglais. Woke / Wokisme
93%
Encyclopédie numérique représentant une source d’informations majeure sur internet, en France et dans le monde. Wikipedia
92%
Président du conseil régional d’Auvergne-Rhône-Alpes de 2016 à 2024, il a également été président du parti Les Républicains et président de leur groupe politique à l’Assemblée nationale. Laurent Wauquiez
91%
Lieu dans lequel a été signé l’armistice du 11 novembre 1918 entre la France (et ses alliés) et l’Allemagne. Wagon de l’armistice
56%
Député français anciennement Les Républicains passé chez Renaissance. Il a été ministre du Budget puis du Travail sous les gouvernements Fillon, il a été président de la Commission des Finances de l’Assemblée Nationale entre 2017 et 2022. Eric Woerth
45%
Nom attribué aux traités signés en 1648, qui mettent fin à la guerre de 30 ans et à la guerre de 80 ans, et que le royaume de France ratifie. Traités de Westphalie
44%
Philosophe allemand, considéré comme le fondateur de la sociologie, auteur de L'Éthique protestante et l'Esprit du capitalisme. Max Weber
36%
Ministre déléguée en charge du Logement de 2020 à 2022, elle est soupçonnée de conflits d’intérêts dans le cadre de son ancien poste de lobbyiste chez Danone. Emmanuelle Wargon
16%
Prêtre franco-polonais engagé dans la lutte contre l’illettrisme, fondateur du mouvement des droits de l'homme ATD Quart Monde. Joseph Wresinski
1%
Aucun quiz correspondant
Distribution des résultats
% des personnes avec chaque résultat
Percentile par nombre de réponses
Votre historique - résultats
Vous n’avez pas pris ce quiz